| 000 | 00837nam a22002897a 4500 | ||
|---|---|---|---|
| 001 | 0109 | ||
| 003 | DO-SdBNP | ||
| 005 | 20180126110420.0 | ||
| 007 | 0109 | ||
| 008 | 151005b1987 sp 00| 0 spa d | ||
| 020 | _a8477222347 | ||
| 040 |
_aBPMSU _bspa _cBPMSU |
||
| 092 |
_aXXXX _bXXXX |
||
| 100 | 1 | _aGaskin, Carol | |
| 240 | 1 | 0 |
_aCaravan to China / _leng |
| 245 | 1 | 3 |
_aEl imperio mongol / _cCarol Gaskin ; ilustraciones José González Navaroo ; traducción Ma. José Rodellar |
| 260 |
_aBarcelona : _bTimun mas, _c1987. |
||
| 300 |
_a125 p. : _bil. _c18 cm. |
||
| 490 | 1 |
_aLa maquina del tiempo _v20 |
|
| 700 | 1 | 2 |
_aRodellar, Ma. José _etrad. |
| 700 | 1 | 2 |
_aGonzález Navaroo, José _eil. |
| 830 | 0 |
_aLa maquina del tiempo _n20 |
|
| 910 | _a202 | ||
| 942 |
_2ddc _cBK |
||
| 945 | _aInventariado, 2018 / YL | ||
| 956 |
_aYLOCKWARD _b10 _cBPMSU |
||
| 999 |
_c8614 _d8614 |
||